[Event "FIDE World Uni Rapid-B 1st"]
[Site "Tornelo INT"]
[Date "2021.03.21"]
[Round "10"]
[White "Acevedo Chavez, Freddy Adrian"]
[Black "Cosman, Andreea Marioara"]
[Result "0-1"]
[WhiteElo "1808"]
[BlackElo "2164"]
[PlyCount "46"]
[EventDate "2021.03.20"]
[EventType "swiss (rapid)"]
[EventRounds "12"]
[EventCountry "NET"]
[SourceTitle "CBM 201 Extra"]
[Source "ChessBase"]
[SourceDate "2021.05.31"]
[SourceVersion "1"]
[SourceVersionDate "2021.05.31"]
[SourceQuality "1"]

1. e4 c5 2. Nf3 d6 3. d4 cxd4 4. Qxd4 a6 5. c4 Nc6 6. Qd2 g6 7. Nc3 Bg7 8. b3 Nf6 9. Bb2 0-0 10. Be2 Rb8 11. 0-0 Bg4 12. Rac1 Na7 13. Rfd1 b5 14. e5 dxe5 15. Qe3 Qb6 16. c5 Qc7 17. Nxe5 Bxe2 18. Qxe2 Nc6 19. Nxc6 Qxc6 20. Qxe7 b4 21. Rd6 Qxc5 22. Ne4 Qxc1+ 23. Bxc1 Nxe4 0-1

[Event "FIDE World Uni Rapid-B 1st"]
[Site "Tornelo INT"]
[Date "2021.03.21"]
[Round "7"]
[White "Acevedo Chavez, Freddy Adrian"]
[Black "Paiva, Henrique MA Alberg"]
[Result "0-1"]
[WhiteElo "1808"]
[BlackElo "2065"]
[PlyCount "94"]
[EventDate "2021.03.20"]
[EventType "swiss (rapid)"]
[EventRounds "12"]
[EventCountry "NET"]
[SourceTitle "CBM 201 Extra"]
[Source "ChessBase"]
[SourceDate "2021.05.31"]
[SourceVersion "1"]
[SourceVersionDate "2021.05.31"]
[SourceQuality "1"]

1. e4 c5 2. Nf3 d6 3. d4 cxd4 4. Qxd4 Nc6 5. Bb5 Bd7 6. Bxc6 Bxc6 7. Nc3 Nf6 8. Bg5 e6 9. Qd3 Be7 10. 0-0-0 Qa5 11. Bd2 Qc7 12. Nd4 Rc8 13. Bg5 Qa5 14. f4 0-0 15. f5 e5 16. Bxf6 Bxf6 17. Nb3 Qb6 18. Nd5 Bxd5 19. Qxd5 Rfd8 20. Kb1 Qc7 21. c3 b6 22. Qb5 Qb7 23. Rd5 a6 24. Qd3 a5 25. Qb5 Qc7 26. Rhd1 Ra8 27. a4 Rd7 28. Na1 Rc8 29. Nc2 Be7 30. Na3 Bf6 31. Qd3 Qc6 32. Nb5 Rcd8 33. b3 h6 34. Nxd6 Rxd6 35. Rxd6 Rxd6 36. Qxd6 Qxe4+ 37. Qd3 Qxg2 38. Rd2 Qh1+ 39. Kc2 e4 40. Qe2 Qa1 41. Qxe4 Qxc3+ 42. Kd1 Qxb3+ 43. Qc2 Qf3+ 44. Re2 Qh1+ 45. Kd2 Bg5+ 46. Kd3 Qd5+ 47. Kc3 Bf6+ 0-1

[Event "FIDE World Uni Rapid-B 1st"]
[Site "Tornelo INT"]
[Date "2021.03.21"]
[Round "8"]
[White "Shivaram, Acharya"]
[Black "Acevedo Chavez, Freddy Adrian"]
[Result "0-1"]
[WhiteElo "1145"]
[BlackElo "1808"]
[PlyCount "88"]
[EventDate "2021.03.20"]
[EventType "swiss (rapid)"]
[EventRounds "12"]
[EventCountry "NET"]
[SourceTitle "CBM 201 Extra"]
[Source "ChessBase"]
[SourceDate "2021.05.31"]
[SourceVersion "1"]
[SourceVersionDate "2021.05.31"]
[SourceQuality "1"]

1. e4 e6 2. d4 d5 3. exd5 exd5 4. Nf3 Bd6 5. Nc3 Ne7 6. Bd3 c6 7. Bg5 f6 8. Be3 Bf5 9. Qd2 Qd7 10. h3 0-0 11. 0-0-0 b5 12. g4 Bxd3 13. Qxd3 Ng6 14. Ne2 Qc7 15. h4 Nd7 16. g5 f5 17. h5 Nf4 18. Nxf4 Bxf4 19. Rdg1 Rae8 20. Nh4 Re4 21. g6 h6 22. Re1 Bxe3+ 23. fxe3 Qg3 24. Reg1 Qxe3+ 25. Qxe3 Rxe3 26. Rf1 f4 27. Ng2 Re4 28. Rf3 Rxd4 29. Rhf1 Ne5 30. Rxf4 Rdxf4 31. Nxf4 Ng4 32. Kd2 Nf6 33. Kd3 Nxh5 34. Ke3 Nxf4 35. Rxf4 Rxf4 36. Kxf4 Kf8 37. Ke5 Ke7 38. c3 a5 39. b4 axb4 40. cxb4 h5 41. Kf5 d4 42. Ke4 h4 43. Kxd4 h3 44. Ke3 h2 0-1

[Event "FIDE World Uni Rapid-B 1st"]
[Site "Tornelo INT"]
[Date "2021.03.20"]
[Round "4"]
[White "Acevedo Chavez, Freddy Adrian"]
[Black "Osmak, Iulija"]
[Result "0-1"]
[WhiteElo "1808"]
[BlackElo "2428"]
[PlyCount "78"]
[EventDate "2021.03.20"]
[EventType "swiss (rapid)"]
[EventRounds "12"]
[EventCountry "NET"]
[SourceTitle "CBM 201 Extra"]
[Source "ChessBase"]
[SourceDate "2021.05.31"]
[SourceVersion "1"]
[SourceVersionDate "2021.05.31"]
[SourceQuality "1"]

1. e4 e5 2. Nf3 Nc6 3. d4 exd4 4. Bc4 Bb4+ 5. c3 dxc3 6. 0-0 d6 7. Nxc3 Bxc3 8. bxc3 Nf6 9. e5 dxe5 10. Qxd8+ Nxd8 11. Nxe5 Be6 12. Bg5 Bxc4 13. Nxc4 Nd7 14. Rfe1+ Ne6 15. Rad1 h6 16. Bh4 g5 17. Bg3 0-0-0 18. Rd5 Nb6 19. Nxb6+ axb6 20. Rf5 Rd7 21. Be5 Re8 22. Bf6 Nd8 23. Kf1 Ne6 24. h4 Rg8 25. Ree5 Rd1+ 26. Ke2 Ra1 27. hxg5 Rxa2+ 28. Kf3 hxg5 29. Be7 g4+ 30. Kg3 Rc2 31. Re3 Rg7 32. Bf6 Rh7 33. Kxg4 c6 34. Be5 b5 35. Bg3 Rg7+ 36. Kh5 Rc1 37. Kh6 Rg6+ 38. Kh5 Rh1+ 39. Bh4 Ng7# 0-1

[Event "Lima Surco op 4th"]
[Site "Lima"]
[Date "2017.10.29"]
[Round "6"]
[White "Acevedo Chavez, Freddy Adrian"]
[Black "Contreras, Jose"]
[Result "0-1"]
[WhiteElo "1823"]
[BlackElo "2105"]
[PlyCount "95"]
[EventDate "2017.10.15"]
[EventType "swiss"]
[EventRounds "7"]
[EventCountry "PER"]
[SourceTitle "EXT 2019"]
[Source "ChessBase"]
[SourceDate "2018.10.10"]
[SourceVersion "1"]
[SourceVersionDate "2018.10.10"]
[SourceQuality "1"]

1. e4 d5 2. exd5 Nf6 3. Nc3 Nxd5 4. Bc4 Nb6 5. Bb3 Nc6 6. Qf3 e6 7. Nge2 Be7 8. d3 0-0 9. Bd2 Bd7 10. Ne4 Nd5 11. d4 Nf6 12. c3 Re8 13. Bc2 Nxe4 14. Qxe4 f5 15. Qd3 Bd6 16. f4 Ne7 17. 0-0 Kh8 18. Kh1 c5 19. Rae1 Bc6 20. Qh3 Ng8 21. Be3 c4 22. Bf2 Qa5 23. Bb1 Nf6 24. Be3 Rf8 25. Ng1 Ng4 26. Nf3 Rf6 27. Ne5 Bxe5 28. fxe5 Rg6 29. Re2 Qd5 30. Rg1 Rf8 31. Bf4 b5 32. Bc2 a5 33. Bd1 Qe4 34. Qg3 Qd5 35. Qh4 b4 36. h3 Nh6 37. Rf2 Ng8 38. Bh5 Be8 39. Bxg6 Bxg6 40. Bd2 Rb8 41. Kh2 Qd7 42. Qg5 Ne7 43. h4 h6 44. Qg3 Kh7 45. Qf3 h5 46. Rh1 Nd5 47. Qd1 Qc7 48. Kg1 0-1

[Event "Santiago de Surco Cup Santa Maria 1st"]
[Site "Santiago de Surco"]
[Date "2016.12.08"]
[Round "5.5"]
[White "Llacsahuanga, Diego"]
[Black "Acevedo Chavez, Freddy Adrian"]
[Result "1/2-1/2"]
[WhiteElo "2063"]
[BlackElo "1775"]
[PlyCount "83"]
[EventDate "2016.11.26"]
[EventType "swiss"]
[EventRounds "7"]
[EventCountry "PER"]
[SourceTitle "EXT 2024"]
[Source "ChessBase"]
[SourceDate "2023.10.10"]
[SourceVersion "1"]
[SourceVersionDate "2023.10.10"]
[SourceQuality "1"]

1. Nf3 b5 2. g3 Bb7 3. Bg2 c5 4. c4 bxc4 5. Na3 d5 6. Ne5 Nd7 7. Qa4 f6 8. Nc6 Qc7 9. Na5 e6 10. Nxb7 Qxb7 11. Nxc4 a6 12. 0-0 Qb5 13. Qc2 Rb8 14. Na3 Qxe2 15. Qa4 Rb4 16. Qc6 Ne7 17. Qc7 Qe5 18. Qa7 Rb6 19. d4 Qb8 20. Qxb8+ Rxb8 21. Re1 e5 22. dxe5 fxe5 23. Bg5 Rxb2 24. Bxe7 Bxe7 25. Bxd5 Bf6 26. Nc4 Rc2 27. f4 Kd8 28. fxe5 Be7 29. e6 Nf6 30. Rad1 Kc7 31. Ne3 Rb2 32. Nf5 Re8 33. Nxg7 Rd8 34. Bb3 Rbd2 35. Rxd2 Rxd2 36. Nf5 Kd8 37. Nxe7 Kxe7 38. Rc1 Ne4 39. Rc4 Ng5 40. Rxc5 Nf3+ 41. Kf1 Nxh2+ 42. Ke1 1/2-1/2